[Event "EU-ch Seniors 09th"]
[Site "Rogaska Slatina"]
[Date "2009.07.29"]
[Round "8"]
[White "Kulago, Alexander"]
[Black "Oganessian, Gaguik"]
[Result "1/2-1/2"]
[WhiteElo "2144"]
[BlackElo "2025"]
[PlyCount "50"]
[EventDate "2009.07.22"]
[EventType "swiss"]
[EventRounds "9"]
[EventCountry "SLO"]
[SourceTitle "CBM 131 Extra"]
[Source "ChessBase"]
[SourceDate "2009.09.03"]
[SourceVersion "2"]
[SourceVersionDate "2009.09.16"]
[SourceQuality "1"]

1. Nf3 d5 2. d4 Nf6 3. c4 c6 4. cxd5 cxd5 5. Nc3 Nc6 6. Bf4 Bf5 7. e3 e6 8. Qb3 Bb4 9. Bb5 Bxc3+ 10. bxc3 0-0 11. Bxc6 bxc6 12. 0-0 Rc8 13. Rfc1 c5 14. c4 cxd4 15. Nxd4 dxc4 16. Rxc4 Be4 17. Rac1 Rxc4 18. Qxc4 Qa5 19. Bd6 Re8 20. a4 Bd5 21. Qb5 Qd2 22. Rc2 Qe1+ 23. Qf1 Qa5 24. Qb5 Qe1+ 25. Qf1 Qa5 1/2-1/2

[Event "EU-ch Seniors 09th"]
[Site "Rogaska Slatina"]
[Date "2009.07.27"]
[Round "6"]
[White "Oganessian, Gaguik"]
[Black "Stull, Norbert"]
[Result "1/2-1/2"]
[WhiteElo "2025"]
[BlackElo "2156"]
[PlyCount "29"]
[EventDate "2009.07.22"]
[EventType "swiss"]
[EventRounds "9"]
[EventCountry "SLO"]
[SourceTitle "CBM 131 Extra"]
[Source "ChessBase"]
[SourceDate "2009.09.03"]
[SourceVersion "2"]
[SourceVersionDate "2009.09.16"]
[SourceQuality "1"]

1. e4 Nf6 2. Nc3 d5 3. e5 d4 4. Nb5 Ng4 5. Nf3 Nc6 6. Qe2 a6 7. h3 axb5 8. hxg4 Bxg4 9. Qe4 Bxf3 10. gxf3 e6 11. Bxb5 Qd5 12. Bxc6+ bxc6 13. Qxd5 cxd5 14. d3 Bb4+ 15. Bd2 1/2-1/2

[Event "EU-ch Seniors 09th"]
[Site "Rogaska Slatina"]
[Date "2009.07.24"]
[Round "3"]
[White "Oganessian, Gaguik"]
[Black "Ofstad, Per"]
[Result "1/2-1/2"]
[WhiteElo "2025"]
[BlackElo "2158"]
[PlyCount "39"]
[EventDate "2009.07.22"]
[EventType "swiss"]
[EventRounds "9"]
[EventCountry "SLO"]
[SourceTitle "CBM 131 Extra"]
[Source "ChessBase"]
[SourceDate "2009.09.03"]
[SourceVersion "2"]
[SourceVersionDate "2009.09.16"]
[SourceQuality "1"]

1. e4 e5 2. Nf3 Nc6 3. d4 exd4 4. Nxd4 Qf6 5. c3 Bc5 6. Be3 Nge7 7. Be2 Bb6 8. 0-0 d5 9. Nb5 d4 10. Nxd4 Bd7 11. Nxc6 Bxc6 12. Bxb6 axb6 13. Bf3 0-0 14. Nd2 Rfd8 15. Qc2 Ng6 16. Nb3 Ne5 17. Nd4 Rxd4 18. cxd4 Nxf3+ 19. gxf3 Qxf3 20. d5 1/2-1/2

[Event "EU-ch Seniors 09th"]
[Site "Rogaska Slatina"]
[Date "2009.07.22"]
[Round "1"]
[White "Oganessian, Gaguik"]
[Black "Hohler, Peter"]
[Result "1/2-1/2"]
[WhiteElo "2025"]
[BlackElo "2228"]
[PlyCount "50"]
[EventDate "2009.07.22"]
[EventType "swiss"]
[EventRounds "9"]
[EventCountry "SLO"]
[SourceTitle "CBM 131 Extra"]
[Source "ChessBase"]
[SourceDate "2009.09.03"]
[SourceVersion "2"]
[SourceVersionDate "2009.09.16"]
[SourceQuality "1"]

1. e4 e5 2. Nf3 Nc6 3. d4 exd4 4. Nxd4 Nf6 5. Nxc6 bxc6 6. Bd3 d5 7. e5 Ng4 8. Bf4 f6 9. Qe2 fxe5 10. Bxe5 Nxe5 11. Qxe5+ Qe7 12. Qxe7+ Bxe7 13. Nd2 Bf6 14. c3 Rb8 15. 0-0-0 0-0 16. f3 Be6 17. Rhe1 Bf7 18. Nb3 Rfe8 19. Nc5 Rxe1 20. Rxe1 Rd8 21. f4 g6 22. Na6 Rd7 23. Nb4 Rd6 24. Na6 Rd7 25. Nb4 Rd6 1/2-1/2

[Event "Lausanne op"]
[Site "Lausanne"]
[Date "2004.09.20"]
[Round "6"]
[White "Inkiov, Ventzislav"]
[Black "Oganessian, Gaguik"]
[Result "1-0"]
[WhiteElo "2502"]
[BlackElo "2200"]
[PlyCount "52"]
[EventDate "2004.09.17"]
[EventType "swiss"]
[EventRounds "7"]
[EventCountry "SUI"]
[SourceTitle "CBM 102 Extra"]
[Source "ChessBase"]
[SourceDate "2004.11.03"]
[SourceVersion "1"]
[SourceVersionDate "2004.11.03"]
[SourceQuality "1"]

1. e4 d5 2. exd5 Nf6 3. c4 c6 4. d4 cxd5 5. Nc3 e6 6. Nf3 Be7 7. Bd3 dxc4 8. Bxc4 0-0 9. 0-0 a6 10. a3 b5 11. Ba2 Bb7 12. Bg5 h6 13. Bh4 Nbd7 14. Qd3 g5 15. Bg3 Nc5 16. Qe3 Nce4 17. Nxe4 Nxe4 18. Ne5 Nxg3 19. hxg3 Bd5 20. Bb1 f5 21. g4 Bd6 22. gxf5 exf5 23. Qh3 g4 24. Qxh6 Qf6 25. Nxg4 Qxh6 26. Nxh6+ Kg7 1-0